00266nam a22000977a 4500082001800000100001700018245006700035260004400102300000700146650001500153 a324.24508 RAT aRathod, Sadf aPedagogy to Reduce the Effects of Communalization of Textbooks aHyderabadbHenry Martyn Institutec2007 a37 aCommulaism